El concepto de información en la ciencia contemporánea: coloquios de Royaumont
Guardat en:
| Autors principals: | , , , , , , , , , , , , , , |
|---|---|
| Altres autors: | , |
| Format: | Llibre |
| Idioma: | espanyol |
| Publicat: |
Ciudad de México
Siglo Veintiuno
1970
|
| Edició: | 2a. ed |
| Col·lecció: | Nueva Ciencia, Nueva Técnica
|
| Matèries: | |
| Etiquetes: |
Afegir etiqueta
Sense etiquetes, Sigues el primer a etiquetar aquest registre!
|
MARC
| LEADER | 00000nam a2200000 a 4500 | ||
|---|---|---|---|
| 001 | UCU5988 | ||
| 003 | CL-VaPUC | ||
| 008 | 960614e19700000MX |||||||||||||||||spa|d | ||
| 082 | 0 | 4 | |a 003.54 |b GUE |2 21 |
| 100 | |a Gueroult, Martial |e author |9 546176 | ||
| 700 | 0 | |a De Santillana, Giorgio |e author |9 364082 | |
| 700 | 0 | |a Bellert, Stanislas |e author |9 364083 | |
| 700 | 0 | |a Bonsack, Francois |e author |9 364084 | |
| 700 | 0 | |a Couffignal, Louis |e author |9 364085 | |
| 700 | 0 | |a Frank, Helmar |e author |9 364086 | |
| 700 | |a Goldmann, Lucien |e author |9 412435 | ||
| 700 | 0 | |a Granger, G. G |e author |9 364088 | |
| 700 | |a Greniewski, Henryk |e author |9 364089 | ||
| 700 | 0 | |a Lwoff, André |e author |9 364090 | |
| 700 | |a Mandelbrot, Benoit B. |e autor |9 617384 | ||
| 700 | |a Moles, Abraham A. |e autor |9 449377 | ||
| 700 | 0 | |a Pérez, Albert |e author |9 364093 | |
| 700 | 0 | |a Tondl, Ladislav |e author |9 364094 | |
| 700 | 0 | |a De Possel, René |e author |9 364095 | |
| 700 | 0 | |a Wiener, Norbert |e author |9 364096 | |
| 700 | 0 | |a Zeman, Jirí |e author |9 364097 | |
| 245 | 1 | 3 | |a El concepto de información en la ciencia contemporánea: coloquios de Royaumont |
| 250 | |a 2a. ed | ||
| 300 | |a 310 p | ||
| 942 | |c BK | ||
| 945 | |d 19960614 00:00:00 |a cmena | ||
| 260 | |a Ciudad de México |b Siglo Veintiuno |c 1970 | ||
| 650 | 0 | |a Información |9 256927 | |
| 650 | 0 | |a Filosofía de las ciencias |9 256466 | |
| 650 | 0 | |a Teoría del conocimiento |9 255038 | |
| 583 | |a last modification |c 20121001 09:55:41 |k Rodrigo Vera | ||
| 490 | 0 | |a Nueva Ciencia, Nueva Técnica | |
| 999 | |c 249093 |d 249091 | ||